| 000 | 00754 a2200253 4500 | ||
|---|---|---|---|
| 001 | 200044570 | ||
| 999 |
_c200044570 _d6053 |
||
| 003 | TR-AnTOB | ||
| 005 | 20230919001311.0 | ||
| 008 | 120426s2011 tu 000 0 | ||
| 040 | _aTR-AnTOB | ||
| 041 | _atur | ||
| 050 |
_aHD7211.93 _bG286 2011 |
||
| 090 | _aHD7211.93. G286 2011 | ||
| 100 |
_aGenç, Tuna _981690 |
||
| 245 | 1 | 0 |
_aİkinci sütun emeklilik sistemleri ve Türkiye uygulaması / _cTuna Genç. |
| 264 | 1 |
_aAnkara: _bSosyal Güvenlik Kurumu, _c2011 |
|
| 300 |
_a60 p.; _c22 cm |
||
| 400 | _aSosyal Günenlik Kurumu Başkanlığı | ||
| 500 | _aSosyal Güvenlik Uzmanlık Tezi | ||
| 650 | 7 |
_aSosyal güvenlik _zTürkiye _2etuturkob _96511 |
|
| 650 |
_aSocial security _zTurkey _920415 |
||
| 942 | _cBK | ||